Практикум по физической химии преимущественно по коллоидной химии для врачей и биологов: пер. с нем.

Podrobná bibliografie
Hlavní autor: Михаелис Л.
Jazyk:ruština
Vydáno: Ленинград, Государственное изд-во, 1925
Vydání:2-е изд., испр.
Edice:Руководства и научные пособия для высшей школы
Témata:
Médium: MixedMaterials Kniha
KOHA link:https://koha.lib.tpu.ru/cgi-bin/koha/opac-detail.pl?biblionumber=152331

MARC

LEADER 00000nam0a2200000 4500
001 152331
005 20231101221620.0
035 |a (RuTPU)RU\TPU\book\165161 
090 |a 152331 
100 |a 20090130d1925 m y0rusy50 ca 
101 1 |a rus  |c ger 
102 |a RU 
105 |a a z 001zy 
200 1 |a Практикум по физической химии преимущественно по коллоидной химии для врачей и биологов  |e пер. с нем.  |f Л. Михаелис 
205 |a 2-е изд., испр. 
210 |a Ленинград  |c Государственное изд-во  |d 1925 
215 |a 194 с.  |c ил. 
225 1 |a Руководства и научные пособия для высшей школы 
320 |a Библиогр. в примеч. 
606 1 |a Физическая химия  |2 stltpush  |3 (RuTPU)RU\TPU\subj\67669  |9 83390 
610 1 |a коллоидная химия 
610 1 |a практикумы 
610 1 |a коллоидные растворы 
610 1 |a водородные ионы 
610 1 |a поверхностное натяжение 
610 1 |a адсорбция 
610 1 |a электропроводность 
610 1 |a кинетика 
675 |a 544(076)  |v 3 
700 1 |a Михаелис  |b Л. 
801 1 |a RU  |b 63413507  |c 20090130  |g PSBO 
801 2 |a RU  |b 63413507  |c 20230403  |g RCR 
942 |c BK